000 00954nam a22002537a 4500
005 20170123164143.0
010 _aB-124684
020 _c140.00
_a8173291438
035 _aB-124684
037 _bCen Lib / Ret
040 _aDPL
_bPN
082 _a954.12
_bਜੋਹਰ
100 _aਜੋਹਰ, ਸੁਰੇੰਦਰ ਸਿੰਘ
_96443
245 _aਸਿਖਾਂ ਦੀ ਪਿਰਰ /
_cਸੁਰੇੰਦਰ ਸਿੰਘ ਜੋਹਰ
246 _aSikhan di pir /
_bby Surinder Singh Johar
260 _aਦਿੱਲੀ
_bਸਿਲਾਲੇਖ
_c2004
270 _aਸੁਭਾਸ਼ ਗਾਲੀ ਵਿਸ਼ਵਾਸ ਨਗਰ ਸ਼ਹਾਦਰ
_bਦਿੱਲੀ
_e110051
300 _a120p.
_b24cm(Hb)
650 _aਸਿਆਸੀ
_9118890
650 _aਇਤਿਹਾਸ (1947-2007)
_915828
650 _aPolitics
_96612
650 _aHistory(1947-2007)
_9118891
942 _2ddc
_cPN
_h954.12
_mਜੋਹਰ
999 _c109794
_d109794